000 01541cam a2200433 4500
999 _c24053
_d24053
001 vtls012009595
005 20251113121233.0
008 201218s2020 xo gr 000 f slo
020 _a9788022210867
_q(viazané)
040 _aSNK
_bslo
_cSNK
_erda
041 1 _aslo
_hswe
044 _axo
_cSK
072 7 _a821.11
_xGermánske literatúry
_2konspekt
080 _a821.113.6-31
_22011
080 _a(0:82-312.4)
_22011
100 1 _aNatt och Dag, Niklas,
_d1979-
_4aut
_95290
240 1 0 _a1794
_lSlovensky
245 1 0 _a1794
_cNiklas Natt och Dag ; zo švédskeho originálu 1794 ... preložila Alexandra Debnárová
246 3 _aTisícsedemstodeväťdesiatštyri
250 _aVydanie I.
264 1 _aBratislava
_bTatran
_c2020
300 _a415 strán
_c24 cm
336 _atext
_btxt
_2rdacontent
337 _abez média
_bn
_2rdamedia
338 _azväzok
_bnc
_2rdacarrier
490 1 _aLUK - Knižnica svetových bestsellerov
_v172. zväzok
500 _aObsahuje biografické údaje o autorovi na záložke prebalu publikácie
655 7 _ašvédske romány
_2SNKPH
_91715
655 7 _adetektívne romány
_2SNKPH
_91710
655 7 _aSwedish fiction
_2SNKPHeng
_91716
655 7 _aDetective novels
_2SNKPHeng
_91711
700 1 _aDebnárová, Alexandra,
_d1985-
_4trl
_92402
700 1 _aNatt och Dag, Niklas,
_d1979-
_t1793
_95291
700 1 _aNatt och Dag, Niklas,
_d1979-
_t1795
_95292
958 _aLX
958 _aUP